000 00484nam a22001697a 4500
999 _c41289
_d41289
003 OSt
005 20210413122245.0
008 210413b ||||| |||| 00| 0 eng d
020 _a9788182718517
040 _coclc
082 _a340
_bKAB/P
100 _91846
_aKabeer, V A
245 _aPothu Civilcode Hinducode Muthalaq/
_cV A Kabeer
260 _aKozhikode:
_bPratheeksha Books,
_c2017.
300 _a168 pages
942 _2ddc
_cBK
_h340
_iKAB/P
_k340
_mKAB/P